Tu hi meri jindgi bhag 1 / (Record no. 44733)

MARC details
000 -LEADER
fixed length control field 01130njm a22002657a 4500
005 - DATE AND TIME OF LATEST TRANSACTION
control field 20100909122340.0
007 - PHYSICAL DESCRIPTION FIXED FIELD--GENERAL INFORMATION
fixed length control field sd ammalaaahaa
008 - FIXED-LENGTH DATA ELEMENTS--GENERAL INFORMATION
fixed length control field 100830t xxu||||| |||| 00| 0 hin d
028 ## - PUBLISHER NUMBER
Publisher number N. 54901
Source His Master's Voice
035 ## - SYSTEM CONTROL NUMBER
System control number GR-01466
040 ## - CATALOGING SOURCE
Original cataloging agency SED/VEN
100 ## - MAIN ENTRY--PERSONAL NAME
9 (RLIN) 17458
Personal name Bhosle, Asha
245 ## - TITLE STATEMENT
Title Tu hi meri jindgi bhag 1 /
Medium [Sound recording] :
Statement of responsibility, etc by Asha Bhosle & Mohd. Rafi ; music Rono Deb Mukerji ; lyric Raja Ali Khan
246 ## - VARYING FORM OF TITLE
Title proper/short title तू ही मेरी जिन्दगी (आशा भोसले)
260 ## - PUBLICATION, DISTRIBUTION, ETC. (IMPRINT)
Place of publication, distribution, etc Dum Dum, India
Name of publisher, distributor, etc His Master's Voice
Date of publication, distribution, etc 1965
300 ## - PHYSICAL DESCRIPTION
Extent 1 Sound disc [Gramophone Record] :
Other physical details analog, 33 1/3 rpm
Dimensions 10 in (LP)
Type of unit Gramophone Records
500 ## - GENERAL NOTE
General note Brief record
505 ## - FORMATTED CONTENTS NOTE
Formatted contents note Mere watan, Husn ki rani (मेरे वतन) (हुस्न की रानी) पार्ट. 2
650 ## - SUBJECT ADDED ENTRY--TOPICAL TERM
Topical term or geographic name as entry element Classical Music
9 (RLIN) 1186
Geographic subdivision India
General subdivision Excerpts
700 ## - ADDED ENTRY--PERSONAL NAME
9 (RLIN) 17459
Personal name Mohd. Rafi
700 ## - ADDED ENTRY--PERSONAL NAME
9 (RLIN) 18822
Personal name Rono Deb Mukerji
700 ## - ADDED ENTRY--PERSONAL NAME
9 (RLIN) 18873
Personal name Raja mahdi Ali Khan
942 ## - ADDED ENTRY ELEMENTS (KOHA)
Source of classification or shelving scheme Dewey Decimal Classification
Item type Gramaphone Records
Holdings
Withdrawn status Lost status Source of classification or shelving scheme Damaged status Not for loan Collection code Home library Current library Date acquired Source of acquisition Total Checkouts Barcode Date last seen Copy number Price effective from Koha item type
    Dewey Decimal Classification   Not For Loan Non-fiction Central Library Central Library 09/09/2010 SED/VEN   GR-01466 09/09/2010 1 09/09/2010 Gramaphone Records

© Delhi Public Library
Hit Counter
free hit counter